| 000 | 00759nam a2200193 i 4500 | ||
|---|---|---|---|
| 001 | 105747 | ||
| 003 | ES-MaACL | ||
| 005 | 20250719062534.0 | ||
| 007 | t| | ||
| 008 | 060816s1897 sp |||| | fre d | ||
| 100 | 1 |
_aLastres y Juiz, Francisco, _d1848-1918 _970504 |
|
| 245 | 1 | 0 |
_aPremier Congrès International des Avocats, Bruxelles 1er août 1897 _b: réponses au questionnaire : Espagne / _cpar Francisco Lastres. |
| 260 |
_aMadrid : _b[s.n.], _c1897 ( _fFortanet) |
||
| 300 |
_a15 p. ; _c22 cm. |
||
| 500 | _aPrecede al tít.: Fédération des Avocats Belges. | ||
| 650 | 4 |
_aAbogados- _vCongresos y asambleas. _9167461 |
|
| 852 |
_aES-MaACL _jT-796-F-8 _z. - Donativo Lastres _z. - Dedicatoria autógrafa del autor |
||
| 999 |
_c105747 _d105747 |
||